| 000 | 00000nam##2200000za#4500 |
| 001 | 9.608344 |
| 003 | CaOODSP |
| 005 | 20240612102653 |
| 007 | cr ||||||||||| |
| 008 | 150406|2015||||xxc|||||o f|0| 0 fre|d |
| 040 | |aCaOODSP|bfre |
| 043 | |an-cn--- |
| 086 | 1 |aRv55-5/2-5-11-2015F-PDF |
| 110 | 2 |aAgence des services frontaliers du Canada. |
| 245 | 10|aLignes directrices administratives et opérationnelles à l'intention des transporteurs aériens commerciaux pour le traitement des renseignements réglementaires relatifs aux voyageurs selon les exigences de l'Agence des services frontaliers du Canada |h[ressource électronique] |
| 260 | |bAgence des services frontaliers du Canada |
| 300 | |a6p. |
| 490 | 1 |aMémorandums D des douanes. D2, Voyage international |vD2-5-11, le 28 janvier 2015 |
| 500 | |a« Ceci annule le mémorandum D : D2-5-11 daté le 31 mai 2006 ». |
| 590 | |a15-11|b2015-03-13 |
| 775 | 08|tAdministrative and operational guidelines for commercial air-mode carriers for the processing of prescribed traveller information pursuant to the requirements of the Canada Border Services Agency |w(CaOODSP)9.581568 |
| 830 | #0|aMémorandums D des douanes. D2, Voyage international ;|vD2-5-11, le 28 janvier 2015|w(CaOODSP)9.816826 |
| 856 | 40|ahttp://publications.gc.ca|qPDF|s94 Ko|uhttps://publications.gc.ca/collections/collection_2015/asfc-cbsa/Rv55-5-2-5-11-2015-fra.pdf|yD2-5-11, le 28 janvier 2015 |